The philosophy of Christian school education (Record no. 35877)
[ view plain ]
| 000 -LEADER | |
|---|---|
| fixed length control field | 00594nam a22001931a 4500 |
| 020 ## - INTERNATIONAL STANDARD BOOK NUMBER | |
| Terms of availability | 0.00 |
| 040 ## - CATALOGING SOURCE | |
| Original cataloging agency | NEGST Library - Kenya |
| 082 ## - DEWEY DECIMAL CLASSIFICATION NUMBER | |
| Classification number | LC 473.P45 1971 |
| 100 ## - MAIN ENTRY--PERSONAL NAME | |
| Personal name | Kienel, Paul A. |
| 245 ## - TITLE STATEMENT | |
| Title | The philosophy of Christian school education |
| Statement of responsibility, etc | edited by Dr. Paul A. Kienel |
| Medium | [Text] |
| 250 ## - EDITION STATEMENT | |
| Edition statement | Rev.ed. |
| 260 ## - PUBLICATION, DISTRIBUTION, ETC. (IMPRINT) | |
| Place of publication, distribution, etc | Colorado Springs, Co |
| Name of publisher, distributor, etc | ACSI |
| Date of publication, distribution, etc | c1978 |
| 300 ## - PHYSICAL DESCRIPTION | |
| Extent | 234 p.; |
| 500 ## - GENERAL NOTE | |
| General note | Includes bibliographical references and index. |
| 600 ## - SUBJECT ADDED ENTRY--PERSONAL NAME | |
| Personal name | Christian education |
| General subdivision | Philosophy. |
| 700 ## - ADDED ENTRY--PERSONAL NAME | |
| Personal name | Berry, Sharon R. |
| 852 ## - LOCATION/CALL NUMBER | |
| -- | 15.50 |
| 942 00 - ADDED ENTRY ELEMENTS (KOHA) | |
| Koha issues (borrowed), all copies | 8 |
| Withdrawn status | Lost status | Source of classification or shelving scheme | Damaged status | Not for loan | Collection code | Home library | Current library | Shelving location | Date acquired | Cost, normal purchase price | Total Checkouts | Total Renewals | Full call number | Barcode | Date last seen | Date checked out | Copy number | Price effective from | Koha item type |
|---|---|---|---|---|---|---|---|---|---|---|---|---|---|---|---|---|---|---|---|
| Library of Congress Classification | General Circulation | AIU/NEGST - Tony Wilmot Memorial Library | AIU/NEGST - Tony Wilmot Memorial Library | General Stacks | 11/05/2009 | 15.50 | 15 | 3 | LC 473.P45 1971 | R06427X3232 | 09/27/2024 | 05/17/2024 | 1 | 11/05/2009 | Books |
